00225nam a22000857a 4500082001400000100001400014245004900028260004900077300001300126 a621.31GUP aGupta M L aWorkshop Practice in Electrical Engineering  aNew DelhibMatropolitan Books Co Ltd.c1984 aXVI,373P